[Event "Caorle Open"]
[Site "Caorle ITA"]
[Date "1984.??.??"]
[Round "1"]
[White "Studenetzky, Moises"]
[Black "Mrdja, Milan"]
[Result "1/2-1/2"]
[WhiteElo "2200"]
[BlackElo "2345"]
[PlyCount "72"]
[EventDate "1984.??.??"]
[Source "www.chesslib.no"]
[SourceDate "2004.05.04"]

1. Nf3 d5 2. b4 Bg4 3. Bb2 Bxf3 4. gxf3 e6 5. a3 Qh4 6. e3 Nf6 7. Nc3 c6 8. d4 Nbd7 9. Ne2 Bd6 10. Ng3 O-O 11. Bd3 g6 12. f4 a5 13. c3 axb4 14. cxb4 b5 15. Qc2 Rfc8 16. Rd1 Nb6 17. Bc1 Ng4 18. h3 Nxe3 19. Bxe3 Rxa3 20. Kf1 Nc4 21. Kg2 Bxf4 22. Bc1 Bxc1 23. Qxc1 Rb3 24. Bxc4 dxc4 25. Rhe1 Ra8 26. Re3 Rxb4 27. Re4 Qd8 28. Rf4 Ra2 29. d5 cxd5 30. Ne4 f5 31. Qc3 Rb3 32. Qe5 Kf7 33. Nd6+ Kf8 34. Ne4 Kf7 35. Nd6+ Kf8 36. Ne4 Kg8 1/2-1/2

[Event "2nd ch-EUR Women, Warsaw POL"]
[Site "?"]
[Date "2001.??.??"]
[Round "11"]
[White "Mashinskaya, I."]
[Black "Matras, A."]
[Result "1-0"]
[WhiteElo "2315"]
[BlackElo "2220"]
[PlyCount "83"]
[EventDate "2001.??.??"]
[Source "www.chesslib.no"]
[SourceDate "2004.05.04"]

1. Nf3 d5 2. b4 Nf6 3. e3 Bg4 4. c4 e6 5. Qb3 Nbd7 6. d4 c6 7. Nc3 Be7 8. Bd2 O-O 9. cxd5 exd5 10. Bd3 Bd6 11. b5 Qe7 12. h3 Bh5 13. Nh4 Bg6 14. Nf5 Bxf5 15. Bxf5 Nb6 16. O-O Nc4 17. Rfd1 Bc7 18. Bd3 Qd6 19. g3 Qe6 20. Kg2 Nd6 21. bxc6 bxc6 22. Qc2 Rac8 23. Na4 Nde4 24. Bb4 Ng5 25. Bf5 Qe8 26. Bxf8 Qxf8 27. Qxc6 Nfe4 28. h4 Ne6 29. Bxe6 fxe6 30. Qxe6+ Kh8 31. f4 Rd8 32. Qc6 Qe7 33. Re1 Ba5 34. Re2 Nd2 35. Nc5 Bb4 36. Qe6 Qc7 37. Rc1 Nc4 38. Na6 Qa5 39. Nxb4 Qxb4 40. Kh3 a5 41. e4 Nb6 42. exd5 1-0

[Event "Muhlhauser (10eme open)"]
[Site "?"]
[Date "2003.05.30"]
[Round "4"]
[White "Schulz Karsten"]
[Black "Berthold Andreas"]
[Result "1-0"]
[WhiteElo "2345"]
[BlackElo "2177"]
[PlyCount "133"]
[EventDate "2003.??.??"]
[Source "www.chesslib.no"]
[SourceDate "2004.05.04"]

1. Nf3 d5 2. b4 Nf6 3. Bb2 e6 4. b5 b6 5. e3 Bb7 6. Be2 c5 7. bxc6 Nxc6 8. c4 dxc4 9. Bxc4 Be7 10. O-O O-O 11. d4 Rc8 12. Nbd2 Rc7 13. Qe2 Qa8 14. Rac1 Rfc8 15. e4 Na5 16. Bd3 Rxc1 17. Rxc1 Rxc1+ 18. Bxc1 Nc6 19. Bb2 Nb4 20. Bb1 Qe8 21. a3 Na6 22. Qd3 g6 23. Ne5 Nc7 24. Qc4 Bd8 25. a4 b5 26. Qc5 a6 27. Qb6 Ba8 28. axb5 Qxb5 29. Qd6 Qe8 30. Ba3 Nb5 31. Qxa6 Nxa3 32. Qxa8 Nxb1 33. Nxb1 Bb6 34. Qxe8+ Nxe8 35. Nc6 Nd6 36. Nc3 Kf8 37. Kf1 Ke8 38. Ke2 Kd7 39. Ne5+ Ke7 40. Kd3 f6 41. Nc4 Nxc4 42. Kxc4 Bc7 43. h3 Kd7 44. Nb5 Bb6 45. f3 Kc6 46. Nc3 Kd6 47. Na4 Ba7 48. Nc5 e5 49. Nb7+ Kc7 50. dxe5 Kxb7 51. exf6 Kc6 52. e5 Bc5 53. f4 Ba3 54. Kd4 Bb2+ 55. Ke4 Ba3 56. g4 Kd7 57. Kd5 Bc1 58. e6+ Ke8 59. Ke4 Bb2 60. g5 Bc1 61. h4 Bd2 62. Kf3 Bc1 63. Kg4 Kf8 64. f5 Bb2 65. fxg6 hxg6 66. h5 gxh5+ 67. Kxh5 1-0

[Event "Oberliga Ost-B 0102"]
[Site "?"]
[Date "2001.11.25"]
[Round "4.7"]
[White "Chandler Patrick"]
[Black "Korentsvit Valeriy"]
[Result "1/2-1/2"]
[WhiteElo "2253"]
[BlackElo "2227"]
[PlyCount "48"]
[EventDate "2001.??.??"]
[Source "www.chesslib.no"]
[SourceDate "2004.05.04"]

1. Nf3 d5 2. b4 f6 3. d4 e5 4. dxe5 Bxb4+ 5. Bd2 Bxd2+ 6. Nbxd2 Nc6 7. e3 fxe5 8. Bb5 Qd6 9. c4 Be6 10. Qa4 Nge7 11. cxd5 Bxd5 12. e4 Be6 13. O-O O-O 14. Nc4 Bxc4 15. Qxc4+ Kh8 16. Rad1 Qf6 17. Bxc6 Nxc6 18. Rd7 Rac8 19. h3 h6 20. Nh2 Rfd8 21. Ng4 Qg5 22. Rf7 Rd6 23. f4 exf4 24. R1xf4 Ne5 1/2-1/2

[Event "20. Open"]
[Site "?"]
[Date "2004.02.29"]
[Round "2"]
[White "Lebel Patrick"]
[Black "Gregoire Sylvain"]
[Result "0-1"]
[WhiteElo "2161"]
[BlackElo "2313"]
[PlyCount "64"]
[EventDate "2004.??.??"]
[Source "www.chesslib.no"]
[SourceDate "2004.05.04"]

1. Nf3 d5 2. b4 Qd6 3. a3 e5 4. e3 Be6 5. Bb2 Nd7 6. d4 e4 7. Nfd2 f5 8. c4 c6 9. Nc3 Ngf6 10. g3 h5 11. cxd5 Bxd5 12. h4 g6 13. Nc4 Qe6 14. Nxd5 Nxd5 15. Na5 b6 16. Nc4 a5 17. bxa5 b5 18. Nb6 Rxa5 19. Nxd5 Qxd5 20. Qc2 Nb6 21. Be2 Bd6 22. O-O Kd7 23. Bc3 Rxa3 24. Rxa3 Bxa3 25. Ba5 Na4 26. f3 Re8 27. fxe4 Qxe4 28. Qxe4 Rxe4 29. Kf2 Re8 30. d5 Nc5 31. Ra1 Ne4+ 32. Kf3 b4 0-1

[Event "RUS-ch sf"]
[Site "?"]
[Date "2003.??.??"]
[Round "8"]
[White "Shensnovich Vladimir"]
[Black "Loukachouk Aleksandr"]
[Result "1-0"]
[WhiteElo "2172"]
[BlackElo "2298"]
[PlyCount "75"]
[EventDate "2003.??.??"]
[Source "www.chesslib.no"]
[SourceDate "2004.05.04"]

1. Nf3 d5 2. b4 Bg4 3. Ne5 Bf5 4. d4 e6 5. a3 Bd6 6. Bb2 Ne7 7. e3 O-O 8. g4 Be4 9. f3 Bg6 10. h4 f6 11. Nxg6 Nxg6 12. f4 Nd7 13. c4 c6 14. c5 Bc7 15. Nd2 a5 16. Nf3 e5 17. dxe5 fxe5 18. f5 Ne7 19. Ng5 Qc8 20. Ne6 Rf7 21. Bh3 Nf8 22. Ng5 Rf6 23. Qb3 h5 24. e4 axb4 25. axb4 Rxa1+ 26. Bxa1 hxg4 27. Bxg4 Kh8 28. h5 Nh7 29. Nf3 Qb8 30. Nh4 Rh6 31. Ng6+ Nxg6 32. fxg6 Nf6 33. Bf5 Qf8 34. Bb2 Nxh5 35. Qf3 Nf4 36. Rxh6+ gxh6 37. Qxf4 Qg7 38. Qh4 1-0

[Event "Dato Arthur Tan Malaysian Op"]
[Site "Kuala Lumpur MAS"]
[Date "2007.08.24"]
[Round "8"]
[White "Shen Siyuan"]
[Black "Dotsenko, Vi"]
[Result "1/2-1/2"]
[WhiteElo "2337"]
[BlackElo "2132"]
[PlyCount "121"]
[EventDate "2007.08.20"]
[Source "www.chesslib.no"]
[SourceDate "2004.05.04"]

1. Nf3 d5 2. b4 Nf6 3. Bb2 e6 4. a3 Be7 5. e3 O-O 6. c4 c5 7. bxc5 dxc4 8. Bxc4 Bxc5 9. d4 Be7 10. Nbd2 b6 11. O-O Nc6 12. Qe2 Bb7 13. Bd3 Nd5 14. g3 Rc8 15. e4 Nf6 16. Nb3 Re8 17. Rad1 Bf8 18. Bb1 Nb8 19. Rfe1 Qe7 20. Qf1 Nbd7 21. Qh3 g6 22. Qh4 Bg7 23. Qg5 Qf8 24. Qb5 Nb8 25. Nbd2 Red8 26. Qb3 Nc6 27. Nc4 Ba6 28. Nfe5 Qe8 29. Nxc6 Rxc6 30. Ne3 Rcc8 31. d5 exd5 32. Nxd5 Nxd5 33. Bxg7 Kxg7 34. exd5 Qd7 35. Be4 Re8 36. Bf3 Kg8 37. Rxe8+ Rxe8 38. d6 Be2 39. Bxe2 Rxe2 40. Qc3 Re8 41. Qd4 Re6 42. h4 h5 43. Kh2 Kh7 44. Qf4 Kg7 45. Qd4+ Kh7 46. Rd3 Kg8 47. Rd1 Kh7 48. Rd2 Kg8 49. Rd3 Kh7 50. Rd2 Kg8 51. g4 hxg4 52. Qxg4 f5 53. Qg3 Kf7 54. Rd4 Kf8 55. Qf4 Kg7 56. h5 Rf6 57. hxg6 Rxg6 58. Rd3 Rh6+ 59. Rh3 Qxd6 60. Qxd6 Rxd6 61. Rc3 1/2-1/2

[Event "Hessen-ch MT"]
[Site "?"]
[Date "2001.04.07"]
[Round "3"]
[White "Marchio Enrico"]
[Black "Mueller Thorsten"]
[Result "0-1"]
[WhiteElo "2333"]
[BlackElo "2127"]
[PlyCount "82"]
[EventDate "2001.??.??"]
[Source "www.chesslib.no"]
[SourceDate "2004.05.04"]

1. Nf3 d5 2. b4 Nf6 3. Bb2 e6 4. a3 Bd6 5. e3 Nbd7 6. c4 c6 7. Nc3 O-O 8. Be2 Qe7 9. d3 Rd8 10. Qb3 Nf8 11. O-O Ng6 12. Rfe1 dxc4 13. dxc4 e5 14. e4 Nf4 15. c5 Nxe2+ 16. Nxe2 Bc7 17. Ng3 Bg4 18. Nf5 Qe8 19. Qe3 Bxf5 20. exf5 Nd5 21. Qg5 f6 22. Qg4 Qf7 23. g3 Ne7 24. h4 h5 25. Qh3 Qb3 26. Bxe5 Bxe5 27. Nxe5 fxe5 28. Rxe5 Qf7 29. Rae1 Nd5 30. g4 hxg4 31. Qxg4 Re8 32. Re6 Rxe6 33. fxe6 Qf6 34. Re4 Rf8 35. f4 Qa1+ 36. Kh2 Nf6 37. Qe2 Nxe4 38. Qxe4 Qf6 39. Kg3 Re8 40. f5 g6 41. Qg4 Qxf5 0-1

[Event "Moscow RUS"]
[Site "?"]
[Date "1996.??.??"]
[Round "?"]
[White "Ivanets Vladimir"]
[Black "Mkrtchian Lilit"]
[Result "1/2-1/2"]
[WhiteElo "2265"]
[BlackElo "2170"]
[PlyCount "146"]
[EventDate "1996.??.??"]
[Source "www.chesslib.no"]
[SourceDate "2004.05.04"]

1. Nf3 d5 2. b4 c6 3. e3 Qb6 4. b5 Nf6 5. a4 Bg4 6. a5 Qc7 7. c4 cxb5 8. cxd5 a6 9. Nc3 Nbd7 10. Bb2 b4 11. Ne2 Nxd5 12. e4 N5f6 13. Ng3 e6 14. d4 Be7 15. Bd3 Nh5 16. O-O O-O 17. e5 Nxg3 18. hxg3 Rfd8 19. Qb1 Nf8 20. Rc1 Qd7 21. Nd2 Rac8 22. Nc4 Qe8 23. Be4 Qb5 24. Nb6 Rxc1+ 25. Qxc1 Nd7 26. Nc8 Bf8 27. Na7 Qe2 28. Bxb7 Nxe5 29. dxe5 Rd2 30. Qf1 Rxb2 31. Bxa6 Qxe5 32. Nc6 Qd6 33. Bb5 Rc2 34. a6 Rxc6 35. Bxc6 Qxc6 36. a7 Qa8 37. Qb5 Bf5 38. Qb8 Be4 39. Rc1 Qd5 40. f3 Qd4+ 41. Kh2 Qd2 42. Qf4 Qxf4 43. gxf4 Bd5 44. Rd1 Bc6 45. Rd8 g6 46. a8=Q Bxa8 47. Rxa8 Kg7 48. g3 Bd6 49. Rd8 Bc5 50. Rd7 Kf6 51. Rb7 h6 52. Kh3 Bd6 53. Rb5 Be7 54. Kg2 Bd6 55. Kf2 h5 56. Ke3 e5 57. fxe5+ Bxe5 58. g4 hxg4 59. fxg4 Bc3 60. Ke4 Ke6 61. Rb6+ Ke7 62. Kd5 Bd2 63. Ke5 Bc3+ 64. Ke4 f5+ 65. Kd5 fxg4 66. Rxg6 b3 67. Rxg4 b2 68. Rg1 Bd2 69. Rg7+ Kf6 70. Rb7 Bc1 71. Ke4 Ke6 72. Rb6+ Kd7 73. Kd5 Ke7 1/2-1/2

[Event "Prague Bohemians CSOB Cup"]
[Site "?"]
[Date "2000.??.??"]
[Round "9"]
[White "Keller Daniel"]
[Black "Vavra Pavel"]
[Result "0-1"]
[WhiteElo "2102"]
[BlackElo "2327"]
[PlyCount "65"]
[EventDate "2000.??.??"]
[Source "www.chesslib.no"]
[SourceDate "2004.05.04"]

1. Nf3 d5 2. b4 Nf6 3. Bb2 g6 4. e3 Bg7 5. c4 O-O 6. Qb3 a5 7. b5 a4 8. Qa3 c6 9. Be2 dxc4 10. Bxc4 Bd7 11. bxc6 Nxc6 12. O-O Ra5 13. Nd4 Qb8 14. f4 b5 15. Nxc6 Bxc6 16. Be5 Qb7 17. Qb4 Raa8 18. Be2 Bxg2 19. Rf2 Bc6 20. Nc3 Qd7 21. Nxb5 Ng4 22. Bxg7 Rfb8 23. Qd4 Nxf2 24. Qxd7 Bxd7 25. Be5 Nh3+ 26. Kg2 Bxb5 27. Bxb8 Bxe2 28. Rb1 Bg4 29. e4 f5 30. d3 g5 31. fxg5 Nxg5 32. Rb5 Be2 33. Rxf5 0-1

[Event "Corr"]
[Site "?"]
[Date "2000.07.01"]
[Round "?"]
[White "Poleschi Ricardo D"]
[Black "Herraiz Casas Estanislao"]
[Result "1-0"]
[WhiteElo "2346"]
[BlackElo "2025"]
[PlyCount "65"]
[EventDate "2000.??.??"]
[Source "www.chesslib.no"]
[SourceDate "2004.05.04"]

1. Nf3 d5 2. b4 Bg4 3. Bb2 Bxf3 4. gxf3 Nd7 5. e3 Ngf6 6. a3 e6 7. Rg1 Rg8 8. c4 dxc4 9. Bxc4 c5 10. bxc5 Bxc5 11. d3 a6 12. Nd2 b5 13. Bb3 Bd6 14. f4 Rc8 15. a4 Bb4 16. axb5 axb5 17. Kf1 Bc3 18. Bxc3 Rxc3 19. d4 Rc8 20. Nf3 Qc7 21. Qd3 Qb7 22. Ne5 h6 23. f5 Nxe5 24. dxe5 Qd7 25. Qxd7+ Nxd7 26. fxe6 Nxe5 27. exf7+ Nxf7 28. Ra7 Rc1+ 29. Ke2 Rxg1 30. Bxf7+ Kf8 31. Bd5 b4 32. Ra8+ Ke7 33. Rxg8 1-0

[Event "Monaco tt"]
[Site "?"]
[Date "1996.??.??"]
[Round "3"]
[White "Lebel Patrick"]
[Black "Fruteau Sabine"]
[Result "1/2-1/2"]
[WhiteElo "2180"]
[BlackElo "2190"]
[PlyCount "29"]
[EventDate "1996.??.??"]
[Source "www.chesslib.no"]
[SourceDate "2004.05.04"]

1. Nf3 d5 2. b4 Bg4 3. Bb2 e6 4. e3 Nf6 5. a3 g6 6. c4 Bxf3 7. Qxf3 Bg7 8. cxd5 exd5 9. Qd1 O-O 10. Be2 Nbd7 11. O-O Ne4 12. Bxg7 Kxg7 13. d3 Nd6 14. Nc3 c6 15. Qb3 1/2-1/2

[Event "FRA-ch U20"]
[Site "?"]
[Date "2002.??.??"]
[Round "8.6"]
[White "Montagard Guillaume"]
[Black "Milliet Sophie"]
[Result "0-1"]
[WhiteElo "2197"]
[BlackElo "2165"]
[PlyCount "88"]
[EventDate "2002.??.??"]
[Source "www.chesslib.no"]
[SourceDate "2004.05.04"]

1. Nf3 d5 2. b4 Nf6 3. Bb2 Bf5 4. e3 e6 5. b5 Bd6 6. Be2 h6 7. O-O O-O 8. c4 Nbd7 9. d4 dxc4 10. Bxc4 c5 11. Nc3 Qc7 12. Be2 cxd4 13. Qxd4 e5 14. Qc4 Nc5 15. Na4 Be6 16. Qc2 Nxa4 17. Qxa4 e4 18. Rac1 exf3 19. Rxc7 fxe2 20. Rxb7 exf1=Q+ 21. Kxf1 Ng4 22. h3 Ne5 23. f4 Nc4 24. Bd4 Nb6 25. Qa5 Nc4 26. Qc3 Nb6 27. Bxg7 Nd5 28. Qb2 Nxe3+ 29. Ke2 Nxg2 30. Bxh6 Nxf4+ 31. Kd2 Nh5 32. Bxf8 Bxf8 33. Qe5 Rd8+ 34. Kc2 Rc8+ 35. Kd2 Bh6+ 36. Ke1 Nf4 37. Qd6 Rc1+ 38. Kf2 Nxh3+ 39. Kg2 Rc2+ 40. Kf3 Rf2+ 41. Ke4 Bf5+ 42. Kd4 Rd2+ 43. Kc5 Be3+ 44. Kc6 Be4+ 0-1

[Event "Budapest FS11 IM-A"]
[Site "Budapest"]
[Date "1998.11.15"]
[Round "9"]
[White "Belotelov, Denis"]
[Black "Nguyen Thi Thuan Hoa"]
[Result "1-0"]
[WhiteElo "2245"]
[BlackElo "2115"]
[PlyCount "105"]
[EventDate "1998.11.07"]
[Source "ChessBase"]
[SourceDate "1999.01.01"]

1. Nf3 d5 2. b4 Nf6 3. Bb2 Bf5 4. e3 e6 5. b5 h6 6. Be2 Bd6 7. a4 O-O 8. O-O Nbd7 9. d4 Ne4 10. Nbd2 Ndf6 11. c4 Bh7 12. c5 Be7 13. Nb3 Ne8 14. Ne5 f5 15. f3 N4f6 16. Bd3 g5 17. Qc2 Ng7 18. a5 Qe8 19. a6 b6 20. Ba3 bxc5 21. dxc5 Nd7 22. Nc6 Bf6 23. Nbd4 Rf7 24. g4 Kh8 25. Rae1 Nf8 26. e4 dxe4 27. fxe4 Bxd4+ 28. Nxd4 fxg4 29. Rxf7 Qxf7 30. Rf1 Qd7 31. Nc6 Nh5 32. Bb2+ Kg8 33. Ne5 Qe8 34. Nxg4 Bg6 35. Qc3 e5 36. Nxe5 Kh7 37. Nxg6 Nxg6 38. Be2 Ngf4 39. Rxf4 gxf4 40. Bxh5 Qe7 41. Qe5 Rg8+ 42. Kf1 Qxe5 43. Bxe5 Rg5 44. b6 cxb6 45. cxb6 axb6 46. a7 Rxe5 47. a8=Q Rxh5 48. Qb7+ Kg8 49. Qb8+ Kg7 50. Qc7+ Kh8 51. e5 Rxh2 52. e6 Rh1+ 53. Kg2 1-0

[Event "Nova Gorica op 3rd"]
[Site "?"]
[Date "1998.??.??"]
[Round "2"]
[White "Stantic Severino"]
[Black "Mussoni Marcello"]
[Result "0-1"]
[WhiteElo "2120"]
[BlackElo "2240"]
[PlyCount "86"]
[EventDate "1998.??.??"]
[Source "www.chesslib.no"]
[SourceDate "2004.05.04"]

1. Nf3 d5 2. b4 Nf6 3. Bb2 Bf5 4. e3 e6 5. a3 h6 6. c4 c6 7. Nc3 Nbd7 8. Qb3 Bd6 9. cxd5 exd5 10. Ne2 a5 11. Ned4 Bh7 12. d3 Qb6 13. Nc2 Nc5 14. Qc3 axb4 15. axb4 Rxa1+ 16. Bxa1 Na6 17. Be2 Nxb4 18. O-O Na6 19. Ne5 Qc7 20. f4 Bf5 21. Nd4 Bc8 22. Nef3 Nc5 23. Bd1 Qe7 24. Qd2 Ng4 25. Re1 Na6 26. e4 O-O 27. exd5 Qc7 28. g3 cxd5 29. Qb2 Nf6 30. Kg2 Qd7 31. Ne5 Qh3+ 32. Kg1 Bc5 33. Bf3 b6 34. Qe2 Nb4 35. Kh1 Re8 36. Bc3 Ba6 37. Rd1 Ne4 38. Bxe4 dxe4 39. Bxb4 exd3 40. Qd2 Bxd4 41. Qg2 Qc8 42. Nc6 Bb7 43. Rc1 Bc5 0-1

[Event "Lyon Open"]
[Site "Lyon FRA"]
[Date "1995.??.??"]
[Round "1"]
[White "Luneau, Gilles"]
[Black "Korneev, Oleg"]
[Result "0-1"]
[WhiteElo "1820"]
[BlackElo "2540"]
[PlyCount "102"]
[EventDate "1995.??.??"]
[Source "www.chesslib.no"]
[SourceDate "2004.05.04"]

1. Nf3 d5 2. b4 Bg4 3. Bb2 Nd7 4. h3 Bxf3 5. exf3 e5 6. a3 Ngf6 7. d4 Bd6 8. Be2 O-O 9. O-O Re8 10. Nd2 Nh5 11. Re1 Qg5 12. Bf1 exd4 13. Nb3 Ne5 14. Nxd4 Ng6 15. Bc1 Ngf4 16. Bxf4 Qxf4 17. g3 Rxe1 18. gxf4 Rxd1 19. Rxd1 Nxf4 20. Re1 Kf8 21. Nf5 Rd8 22. Nxd6 Rxd6 23. Kh2 a6 24. Kg3 g5 25. h4 h6 26. hxg5 hxg5 27. Kg4 f6 28. Bd3 Re6 29. Re3 Ke7 30. Bf5 Rxe3 31. fxe3 Ng2 32. e4 Ne3+ 33. Kg3 Nxf5+ 34. exf5 Kd6 35. f4 gxf4+ 36. Kxf4 b5 37. c3 c6 38. Ke3 Ke5 39. Kd3 Kxf5 40. Kd4 Ke6 41. Kc5 f5 42. Kxc6 f4 43. Kb6 f3 44. Kxa6 f2 45. Kxb5 f1=Q+ 46. Ka4 Qa6+ 47. Kb3 d4 48. cxd4 Kd5 49. Kb2 Kc4 50. d5 Qf6+ 51. Ka2 Qf2+ 0-1

[Event "Mislata (38eme tournoi)"]
[Site "?"]
[Date "2004.08.25"]
[Round "7.13"]
[White "Carbonell Bofill Carlos"]
[Black "Agudo Tena Angel"]
[Result "1-0"]
[WhiteElo "2229"]
[BlackElo "2069"]
[PlyCount "107"]
[EventDate "2004.??.??"]
[Source "www.chesslib.no"]
[SourceDate "2004.05.04"]

1. Nf3 d5 2. b4 e6 3. Bb2 Nf6 4. a3 Be7 5. e3 O-O 6. c4 b6 7. Ne5 Nfd7 8. cxd5 Nxe5 9. Bxe5 Nd7 10. Bg3 exd5 11. Nc3 Bf6 12. d4 c6 13. b5 Bb7 14. Qb3 c5 15. Rd1 c4 16. Qb2 Bh4 17. Bxh4 Qxh4 18. g3 Qg5 19. Bg2 Nf6 20. O-O h5 21. Rfe1 Rfe8 22. a4 h4 23. gxh4 Qxh4 24. f3 g6 25. Qf2 Qxf2+ 26. Kxf2 a6 27. Rb1 a5 28. e4 Kg7 29. e5 Nh5 30. Ne2 g5 31. h4 f6 32. exf6+ Kxf6 33. hxg5+ Kxg5 34. Rg1 Kf6 35. Rh1 Rh8 36. Rh4 Kg7 37. Bh3 Nf6 38. Rxh8 Rxh8 39. Nf4 Bc8 40. Rg1+ Kf7 41. Bxc8 Rxc8 42. Ng6 Rg8 43. Ne5+ Ke6 44. Re1 Kd6 45. Rh1 Rf8 46. Rh6 Kc7 47. Ke3 Ne8 48. Rh7+ Kc8 49. Nd7 Rg8 50. Nxb6+ Kb8 51. Nxd5 Nd6 52. Ne7 Rg1 53. Nc6+ Kc8 54. b6 1-0

[Event "Tortosa op"]
[Site "?"]
[Date "1996.07.08"]
[Round "4"]
[White "Accensi Estrada Miguel Angel"]
[Black "Ramos Lor Josep"]
[Result "1/2-1/2"]
[WhiteElo "2230"]
[BlackElo "2065"]
[PlyCount "46"]
[EventDate "1996.??.??"]
[Source "www.chesslib.no"]
[SourceDate "2004.05.04"]

1. Nf3 d5 2. b4 e6 3. Bb2 Nf6 4. a3 Be7 5. e3 Nbd7 6. c4 dxc4 7. Bxc4 Nb6 8. Be2 c5 9. bxc5 Bxc5 10. O-O O-O 11. d4 Be7 12. Nc3 Nbd5 13. Rc1 b6 14. Nxd5 Qxd5 15. Ne5 Bb7 16. Bf3 Ne4 17. Qa4 b5 18. Qd1 Rac8 19. Nd3 Rxc1 20. Bxc1 Rc8 21. Nf4 Qc4 22. Bb2 Qc2 23. Qa1 Ba8 1/2-1/2

[Event "Corr"]
[Site "?"]
[Date "2001.04.07"]
[Round "?"]
[White "Torre Isidro"]
[Black "Perz Martial"]
[Result "0-1"]
[WhiteElo "2172"]
[BlackElo "2105"]
[PlyCount "30"]
[EventDate "2001.??.??"]
[Source "www.chesslib.no"]
[SourceDate "2004.05.04"]

1. Nf3 d5 2. b4 Bg4 3. Bb2 Nd7 4. a3 Ngf6 5. e3 e5 6. h3 Bxf3 7. Qxf3 Bd6 8. d3 e4 9. Qd1 a5 10. b5 O-O 11. Be2 Qe7 12. Nd2 c6 13. O-O Bc7 14. bxc6 bxc6 15. Nc4 dxc4 0-1

[Event "18.Schlosspark op Wiesbaden"]
[Site "?"]
[Date "1999.09.03"]
[Round "8"]
[White "Chandler Patrick"]
[Black "Meyer Stefan[63Wiesb"]
[Result "1/2-1/2"]
[WhiteElo "2192"]
[BlackElo "2081"]
[PlyCount "101"]
[EventDate "1999.??.??"]
[Source "www.chesslib.no"]
[SourceDate "2004.05.04"]

1. Nf3 d5 2. b4 e6 3. Bb2 Nf6 4. a3 Nbd7 5. d4 Bd6 6. Nbd2 Nb6 7. e3 Na4 8. Qb1 Nxb2 9. Qxb2 O-O 10. c4 c6 11. Bd3 Qe7 12. O-O Re8 13. Rfe1 Bd7 14. Qc2 h6 15. Ne5 Rad8 16. f4 dxc4 17. Ndxc4 Bb8 18. Rac1 Bc8 19. Na5 Nd7 20. Qe2 Nxe5 21. fxe5 f6 22. Bb1 fxe5 23. Qc2 g5 24. dxe5 Bxe5 25. Nc4 Bb8 26. Rcd1 Qg7 27. Ba2 Kh8 28. e4 e5 29. Ne3 Rd4 30. Nf5 Bxf5 31. exf5 Red8 32. Rxd4 exd4 33. Qd3 Be5 34. Bb1 Qf6 35. g3 Rc8 36. Qe4 Bd6 37. Qg4 Be5 38. Qh5 c5 39. bxc5 Rxc5 40. Qe8+ Kg7 41. Ba2 h5 42. Qd7+ Kh6 43. Bg8 g4 44. Qh7+ Kg5 45. Bf7 Qh6 46. Qg8+ Qg7 47. Qe8 d3 48. Bg6 Bd4+ 49. Kf1 Re5 50. Qd8+ Qf6 51. Qxf6+ 1/2-1/2

[Event "Copa de Campeones Torre Blanca"]
[Site "?"]
[Date "2001.11.19"]
[Round "5"]
[White "Sinagra Ricardo"]
[Black "Garcia Sebastian"]
[Result "0-1"]
[WhiteElo "2096"]
[BlackElo "2170"]
[PlyCount "126"]
[EventDate "2001.??.??"]
[Source "www.chesslib.no"]
[SourceDate "2004.05.04"]

1. Nf3 d5 2. b4 e6 3. Bb2 Nf6 4. a3 Be7 5. e3 O-O 6. c4 a5 7. b5 c6 8. bxc6 bxc6 9. d4 Nbd7 10. Qc2 Ba6 11. Nbd2 Rb8 12. Bd3 Nb6 13. Ne5 Qc8 14. O-O h6 15. Bc3 a4 16. c5 Bxd3 17. Nxd3 Nc4 18. Nxc4 dxc4 19. Ne5 Rb3 20. Nxc4 Nd5 21. Bd2 Qa6 22. e4 Nc3 23. Bxc3 Qxc4 24. Rfc1 Bg5 25. Bd2 Qxd4 26. Bxg5 hxg5 27. Qc4 Rd8 28. h3 Rb2 29. Qxd4 Rxd4 30. f3 Rdd2 31. Rc4 Rxg2+ 32. Kh1 Rh2+ 33. Kg1 Rbg2+ 34. Kf1 Rg3 35. Rxa4 Rxf3+ 36. Kg1 Rfxh3 37. Rf1 Rh1+ 38. Kg2 Rxf1 39. Kxh3 Rc1 40. Ra5 f6 41. Kg3 Kf7 42. a4 Kg6 43. Ra8 Rxc5 44. a5 Rc3+ 45. Kf2 g4 46. a6 Ra3 47. a7 Kg5 48. Re8 Rxa7 49. Rxe6 Kf4 50. Rxc6 Kxe4 51. Kg3 f5 52. Re6+ Kd5 53. Rg6 Ke5 54. Rb6 Ra3+ 55. Kg2 Kf4 56. Rb4+ Kg5 57. Rc4 Kh4 58. Rc8 Ra2+ 59. Kg1 f4 60. Rc4 Kg3 61. Rc3+ f3 62. Rc1 Kh3 63. Rc2 Rxc2 0-1

[Event "Bayernliga 05/06 (RLNW)"]
[Site "?"]
[Date "2005.11.27"]
[Round "3.2"]
[White "Chandler Patrick"]
[Black "Fuks Boris"]
[Result "1-0"]
[WhiteElo "2109"]
[BlackElo "2138"]
[PlyCount "59"]
[EventDate "2005.??.??"]
[Source "www.chesslib.no"]
[SourceDate "2004.05.04"]

1. Nf3 d5 2. b4 Nf6 3. Bb2 e6 4. a3 c5 5. bxc5 Na6 6. d4 b6 7. e3 bxc5 8. c4 Qb6 9. Bc3 Ne4 10. cxd5 Nxc3 11. Nxc3 Nc7 12. Qd2 Qa5 13. Ne5 exd5 14. Nb5 Qxd2+ 15. Kxd2 Ne6 16. Nc3 a6 17. Nxd5 Bb7 18. Bc4 Bd6 19. Rab1 Ra7 20. Rb6 Bxe5 21. dxe5 Bxd5 22. Bxd5 Ke7 23. Bxe6 fxe6 24. Rhb1 Rd8+ 25. Kc2 Rdd7 26. f4 h5 27. Rc6 Rd5 28. Rbb6 Rad7 29. Rxe6+ Kf8 30. Red6 1-0

[Event "Buenos Aires Open"]
[Site "Buenos Aires ARG"]
[Date "1995.??.??"]
[Round "8"]
[White "Godoy, Carlos"]
[Black "Hernandez Penna, Sabina"]
[Result "0-1"]
[WhiteElo "2215"]
[BlackElo "2015"]
[PlyCount "78"]
[EventDate "1995.??.??"]
[Source "www.chesslib.no"]
[SourceDate "2004.05.04"]

1. Nf3 d5 2. b4 Nf6 3. Bb2 e6 4. a3 a5 5. b5 c5 6. e3 Be7 7. c4 O-O 8. Be2 Nbd7 9. a4 Nb6 10. Na3 Ne4 11. d3 Nd6 12. Qc2 dxc4 13. Nxc4 Ndxc4 14. dxc4 Bf6 15. Rd1 Qe7 16. Ne5 Qc7 17. f4 Bd7 18. Bd3 h6 19. O-O Rad8 20. Rf3 Bc8 21. Rg3 Qe7 22. Ng4 Bxb2 23. Nxh6+ Kh8 24. Qxb2 e5 25. Ng4 Bxg4 26. Rxg4 f5 27. Rg3 e4 28. Be2 Rxd1+ 29. Bxd1 Qf6 30. Rh3+ Kg8 31. Qe2 Qc3 32. g4 Rd8 33. Qf1 Nxc4 34. Be2 Nd2 35. Qf2 Qc1+ 36. Kg2 Nf3 37. Qf1 Qd2 38. Kh1 fxg4 39. Rh5 Qc2 0-1

[Event "Salou ESP"]
[Site "?"]
[Date "2006.06.15"]
[Round "9"]
[White "Vila Cairo Gerard"]
[Black "Hutchinson Paul A"]
[Result "0-1"]
[WhiteElo "1998"]
[BlackElo "2178"]
[PlyCount "62"]
[EventDate "2006.??.??"]
[Source "www.chesslib.no"]
[SourceDate "2004.05.04"]

1. Nf3 d5 2. b4 Nf6 3. Bb2 Bf5 4. e3 e6 5. a3 c5 6. Bb5+ Nbd7 7. Ne5 a6 8. Bxd7+ Nxd7 9. Nxd7 Qxd7 10. g4 Bg6 11. bxc5 f6 12. d4 Qa4 13. Nc3 Qa5 14. Qd2 b6 15. cxb6 Rb8 16. Ne2 Qxb6 17. Bc3 Bd6 18. O-O h5 19. h3 hxg4 20. hxg4 Rh4 21. f3 Kd7 22. Bb4 Rbh8 23. Kf2 Bg3+ 24. Kg1 Rh1+ 25. Kg2 R1h2+ 26. Kg1 R8h3 27. Qd1 Bh4 28. Ng3 Bxg3 29. Be1 Qc7 30. f4 Be4 31. Bxg3 Rg2# 0-1